000 00361nam a2200133Ia 4500
008 220214s9999 xx 000 0 und d
022 _a0037-7627
245 0 _aSocial Action
260 _bSocial Action trust
_aNew Delhi
500 _aEnding Volume & Year: 36, 1986
500 _aMissing Volume: 34
500 _aStarting Volume & Year: 23, 1973
942 _cBJ
999 _c13043
_d13043